000 00921cam a22002651 4500
001 26958
003 BD-RjUL
005 20211209051107.0
008 140324r19481946nyua b 001 0 eng
035 _a(BD-RjUL)27029
035 _a(OCoLC)204170
040 _aDLC
_cOFiC
_dOCoLC
_dNcRS
_dViBlbV
_dOCoLC
_dDLC
_dBD-RjUL
_beng
041 _aeng
082 _a947.084
_bTIG 1948
100 1 _aTimasheff, Nicholas S.
_q(Nicholas Sergeyevitch),
_d1886-1970.
_982851
245 1 4 _aThe great retreat :
_bthe growth and decline of communism in Russia /
_cby Nicholas S. Timasheff.
260 _aNew York :
_bE.P. Dutton & Company, Inc.,
_c1946 [reprinting 1948]
300 _a470 p. :
_bdiagrs. ;
_c22 cm.
500 _a"First edition"
504 _a"References": p. 419-442. "Selected bibliography: p. 456-462.
650 0 _aCommunism
_zSoviet Union.
_982852
942 _2ddc
_cBK
999 _c26958
_d26958